000
00326nam a2200133Ia 4500
008
260604s9999 xx 000 0 und d
020
_a
9781835357415
082
_a
004 HOB
100
_a
Hassan hobbs
_9
35674
245
0
_a
ALGORITHMS AND PARALLEL COMPUTING.
260
_b
Ed-Tech Press
500
_a
IT, Algorihms
942
_c
BK
999
_c
8498
_d
8498